000 00450nam a2200181Ia 4500
008 170705s9999 xx 000 0 und d
020 _a9780516449050
245 _aIt's a good thing there are insects /
245 _cAllan Fowler.
260 _aNew York :
260 _bScholastic,
260 _c1990
300 _a31 pages :
300 _bcolor illustration ;
300 _c18cm.
440 _aRookie read-about science.
500 _a520
999 _c335996
_d335996